The 1975 - Head.Cars.Bending Lyrics - Statistics

General Stats
  • This quiz has been taken 17 times
  • The average score is 82 of 112
Answer Stats
Answer % Correct
bending
100%
cars
100%
Drink,
100%
Fall
100%
Head,
100%
I
100%
in
100%
in,
100%
spew,
100%
telephone
100%
that
100%
you
100%
your
100%
alone
75%
And
75%
are
75%
boy
75%
do
75%
doing?
75%
If
75%
if
75%
room,
75%
room
75%
the
75%
what
75%
what's
75%
you're
75%
about
50%
another
50%
at
50%
Can
50%
don't
50%
down
50%
exactly
50%
friends
50%
fuck,
50%
Go
50%
go
50%
helping
50%
I'm
50%
Keep
50%
knock
50%
like
50%
looking
50%
me
50%
my
50%
now?
50%
out
50%
say
50%
song
50%
stop
50%
Talking
50%
think
50%
voice
50%
we
50%
Write
50%
end
25%
get
25%
Lock
25%
Not
25%
stay
25%
They
25%
til
25%
No matching quizzes found
Score Distribution
Percent of People with Each Score
Percentile by Number Answered
Your Score History
You have not taken this quiz